[Event "Sofia MTel Masters 4th"]
[Site "Sofia"]
[Date "2008.05.12"]
[Round "5"]
[White "Cheparinov, Ivan"]
[Black "Radjabov, Teimour"]
[Result "1/2-1/2"]
[WhiteElo "2696"]
[BlackElo "2751"]
[Annotator "L'Ami,E"]
[PlyCount "91"]
[EventDate "2008.05.08"]
[EventType "tourn"]
[EventRounds "10"]
[EventCountry "BUL"]
[EventCategory "20"]
[SourceTitle "CBM 124"]
[Source "ChessBase"]
[SourceDate "2008.05.28"]
[SourceVersion "1"]
[SourceVersionDate "2008.05.28"]
[SourceQuality "1"]

1. d4 Nf6 2. c4 g6 3. Nc3 Bg7 4. e4 d6 5. Nf3 O-O 6. Be2 e5 7. O-O Nc6 8. d5
Ne7 9. b4 Nh5 10. Re1 f5 11. Ng5 Nf6 12. f3 Kh8 13. Ne6 ({After it was
established that both} 13. Rb1) ({and} 13. c5 {are fine for Black, it was Van
Wely who introduced 13.Ne6 to beat Radjabov in Khanty Mansyisk 2005. It
wouldn't be the last time these two played the position after 13.Ne6, they
repeated it 3 more times and they all ended in wins for the Azeri! I had found
a new idea in this line while working with my coach Vladimir Chuchelov after
the Wijk aan Zee tournament of 2007. Before the Mtel-tournament Ivan and I had
further polished this idea and now it was time to actually play it!}) 13...
Bxe6 14. dxe6 Nh5 ({This is the improvement Radjabov had prepared for his
second encounter with Van Wely. The first was won by Van Wely in impressive
style:} 14... fxe4 15. fxe4 Nc6 16. Nd5 Nxe4 17. Bf3 Nf6 18. b5 Nxd5 19. bxc6
Nb6 20. cxb7 Rb8 21. c5 e4 22. Rxe4 dxc5 23. Qxd8 Rfxd8 24. Bg5 Re8 25. Rd1
Bd4+ 26. Rexd4 cxd4 27. e7 h6 28. Bf6+ Kg8 29. Rxd4 Kf7 30. Rd8 Nd7 31. Bh4 g5
32. Rxd7 Ke6 33. Bg4+ Kf6 34. Be1 Rxb7 35. Bc3+ Kg6 36. Bf3 Rb1+ 37. Kf2 Rc1
38. Rxc7 Kf5 39. Bh5 Rc2+ 40. Kf3 {1-0 Van Wely-Radjabov, Khanty Mansiysk 2005}
) 15. g3 (15. c5 {was played in game 3 and 4, but I don't think it promises
White anything;} Nf4 16. Bc4 fxe4 17. Rxe4 Nf5 18. g3 (18. Bxf4 exf4 19. Nd5
Re8 20. Nxf4 c6 21. e7 Rxe7 22. Ne6 Qb8 23. Nxg7 Rxg7 24. cxd6 Nxd6 25. Rd4 Nf5
{is equal, Van Wely-Radjabov, Monte Carlo 2007}) 18... Nh3+ 19. Kg2 Ng5 20. Rg4
Nxf3 21. Kxf3 e4+ 22. Nxe4 Bxa1 23. Bg5 Ne7+ 24. Kg2 Be5 25. Rf4 Bxf4 26. gxf4
d5 27. f5 h6 28. Qd4+ Kh7 29. fxg6+ Kxg6 30. Bxe7 Qxe7 31. Qxd5 Rad8 32. Qe5
Rf5 33. Qc3 Qg7 34. Qg3+ Kh7 35. Qxg7+ Kxg7 36. Kg3 Rd4 {0-1 Van Wely-Radjabov,
Biel 2007, thoroughly analysed in the MegaBase by the winner.}) 15... Bf6 {
Preparing the knight-manouvre Ng7-e6.} 16. exf5 $5 ({This is the novelty we
had prepared. Everybody remembers how Radjabov succesfully used the King's
Indian to win the Wijk aan Zee-tournament of 2007. There his opponents went for
} 16. c5 f4 17. g4 (17. Kg2 Nc6 18. cxd6 cxd6 19. Nd5 Nd4 20. Bb2 Nxe6 21. g4
Nhg7 22. Nxf6 Rxf6 23. Qd5 Qe7 24. Red1 Rd8 25. Qa5 b6 26. Qd5 Rff8 27. Rac1 h5
28. gxh5 Qh4 29. Rc6 g5 30. Rxd6 g4 31. Rxe6 Rxd5 32. Rh6+ Kg8 33. Bc4 gxf3+
34. Kh1 Nxh5 35. Rg1+ Ng3+ 36. Rxg3+ fxg3 37. Rxh4 g2+ 38. Kg1 f2+ 39. Kxg2
f1=Q+ 40. Bxf1 Rd2+ 41. Kg3 Rxb2 42. Bc4+ Kg7 43. Bb3 Rb1 44. Kg2 Rc8 45. Kf3
Rc3+ 46. Kg4 Rf1 47. Kh5 Kf6 {0-1 Shirov-Radjabov, Wijk aan Zee 2007}) 17...
Ng7 18. Bc4 Nc6 19. cxd6 cxd6 20. Ne2 Rc8 21. Bd5 Nxb4 22. Rb1 Nc2 23. Rf1 b6
24. Rb2 Ne3 25. Bxe3 fxe3 26. Qb3 Bg5 27. Nc3 Rc5 28. Na4 Rc7 29. Nc3 Qc8 30.
Nb5 Rc1 31. Rb1 Rxf1+ 32. Rxf1 Qc5 33. Kg2 Rc8 34. Re1 a6 35. Na3 Qd4 36. Re2
Rc3 37. Qb2 h5 38. h3 Qd1 39. Bb3 Rxb3 40. axb3 Nxe6 {0-1 Van Wely-Radjabov,
Wijk aan Zee 2007}) 16... Nxf5 ({Both players played the next few moves
without thought. There are plenty of alternatives on every move though, here} 
16... gxf5 {was playable as well, when} 17. f4 Ng7 (17... e4 18. Bxh5 Bxc3 19.
Rb1 d5 20. cxd5 Nxd5 21. Bb2 {is better for White.}) (17... exf4 18. Bxh5 Bxc3
19. Bxf4 $1 {is much better for White, for example;} Bxe1 20. Qd4+ Kg8 21. Bh6
{mating.}) 18. Nd5 {leads to unclear complications.}) 17. g4 e4 18. Nxe4 Bxa1
19. Bg5 Bd4+ ({And here} 19... Bf6 20. Nxf6 Nxf6 21. Bd3 $1 (21. gxf5 gxf5 22.
Kh1 Qe8 23. Bd3 Qh5 24. Be3 Rae8 25. Bd4 Re7 26. c5 h6 $1 {and Kh7 is OK for
Black.}) 21... Ne7 22. Qa1 {gives excellent play for the rook.}) 20. Kh1 Qe8
21. e7 Nxe7 22. Qxd4+ Ng7 23. b5 {I was shocked to see that Radjabov played
all his moves without thought as well. Especially since we had considered this
position to be very dangerous for Black.} Ng8 24. Bd2 Qf7 ({Now both players
were on their own, we had mainly considered} 24... Qe5 {and now White has two
options:} 25. Qe3 (25. Qxe5 $5 dxe5 26. Bc3 {with compensation in the ending.})
25... Rae8 26. Qxa7 $1 Ra8 27. Qxb7 Rxa2 {and White looks better but Black's
counterplay - often connected with exchange sacrifices on d2 or e2 - should
not be underestimated. After the text move White's position looks overwhelming
but it's not that easy!}) 25. Bc3 h6 {Of course the Black king feels very
uncomfortable on the long diagonal so it's very natural to vacate the
h7-square.} 26. f4 {The most natural reply, White tries to tear apart Black's
king-side with an f5-break.} Rae8 27. Rf1 ({Black's last move was aimed
against the f5-break;} 27. f5 Re5 $1 28. Ng3 gxf5 29. gxf5 Nxf5 30. Nxf5 Qxf5
31. Rf1 Qc8 {is equal.}) 27... Nf6 28. Bf3 ({Instead} 28. Nxf6 $6 Rxe2 (28...
Qxf6 29. Qxf6 Rxf6 30. Bxf6 Rxe2 31. f5 {is slightly better for White.}) 29.
Qd3 Re6 30. g5 Nf5 $1 31. Qh3 Rxf6 32. Bxf6+ Kh7 {is horrible for White, his
bishop is 'empty'.}) 28... Nd7 $6 ({Gives White the opportunity to get a
definite advantage -although not easy to find-. I think Black's best is} 28...
Nxe4 29. Bxe4 Kh7 $1 {and now: A)} 30. f5 ({B)} 30. Bxb7 {is too greedy} Ne6
31. Qxa7 Nxf4 32. Qd4 c5 $1 33. bxc6 Qe7 $1 34. Rxf4 Rxf4 35. Qxf4 Rf8 {
with the bishop stuck on b7, Black's attack is winning.}) 30... Rxe4 $1 (30...
gxf5 31. Bd3 $1 {is dangerous for Black. The bishops are too strong, Black
should eliminate one.}) 31. Qxe4 gxf5 32. Qd3 ({or} 32. gxf5 Nxf5 33. Rg1 Rg8
34. Rxg8 Kxg8 35. Qxb7 Qh5 36. Qd5+ (36. Qc8+ Kf7 37. Qxc7+ Kg6 {is only
dangerous for White.}) 36... Kf8 {and the Black combination of queen+knight
assure a draw.}) 32... a6 33. a4 Qe6 34. Bxg7 Kxg7 35. gxf5 Qe5 {and a draw is
likely.}) 29. g5 $2 ({Hands the advantage to Black! White had to continue his
fight for the f5-break. The following ending proves suprisingly difficult for
Black;} 29. Ng3 $1 Qf6 30. Bxb7 Qxd4 31. Bxd4 Kh7 (31... Nb6 32. f5 $1 Nxc4 33.
Bc6 Rd8 34. Bd5 Ne5 35. f6 Ne8 36. f7 Ng7 37. Rf6 Kh7 38. Be4 {Black is
collapsing.}) 32. f5 {(even here!)} Ne5 33. Be4 {Black's king is still under
fire.}) 29... Kh7 $1 {Radjabov conducts his defensive duties very well!
White's initiative has vanished.} 30. Bg4 (30. gxh6 Ne6 31. Ng5+ Nxg5 32. fxg5
Ne5 {isn't pleasant either.}) 30... h5 (30... Rxe4 $5) 31. Bh3 ({Zagrebelny
calls this a dubious move on Chesspro.ru but I dont think} 31. Bxd7 Qxd7 32.
Nf6+ Rxf6 33. Qxf6 Nf5 {is a serious improvement. Black's next move is Qe7,
exchanging queens transposing to a dream-ending. The textmove creates more
difficulties for Black.}) 31... Ne6 32. Qd1 (32. Bxe6 Rxe6 33. f5 gxf5 34. Rxf5
{looks winning but after} Qe7 {it isn't.}) 32... Nec5 33. Nf6+ Nxf6 34. Bxf6
Ne4 $2 ({Time trouble starts to influence the level of the moves! The route to
victory is} 34... Re3 $1 35. Bg2 Qxc4 36. f5 Qd3 $1 {parrying all White's
threats.}) 35. f5 $1 {Now suddenly Black is in trouble!} Kg8 36. fxg6 Qxg6 37.
Bf5 Qf7 38. Qd4 ({After the game it was thought that} 38. Qd3 {wins, it is not
so easy however} Nc5 39. Qc2 Re3 $1 {is messy, I dont see anything clear for
White.}) (38. Ba1 Re7 39. g6) 38... Nxf6 39. gxf6 Kh8 40. Bd3 Re6 41. Qh4 Rfe8
({Wisely taking the draw. Instead} 41... Rg8 42. Qf4 Qf8 (42... Rg4 43. Qh6+
Kg8 44. h3 $1 Rg3 45. Kh2 Ree3 46. Bf5 {with the idea} Qxc4 47. f7+ $1 Qxf7 48.
Bh7+ Qxh7 49. Rf8# {mate!}) 43. f7 Rg4 44. Qf5 Rh6 45. Be2 Rgg6 (45... Rg7 46.
Bxh5 Rgh7 47. Re1 $1 Rxh5 48. Qf6+ {curtains.}) 46. Bxh5 $1 Rf6 47. Qxf6+ Rxf6
48. Rxf6 {is winning, White will manage to promote his pawn.}) 42. Qg5 Re1 43.
Qh6+ Kg8 44. Qg5+ Kh8 45. Qh6+ Kg8 46. Qg5+ {and a draw was agreed. A great
fight, important for opening theory!} 1/2-1/2

[Event "Sofia MTel Masters 4th"]
[Site "Sofia"]
[Date "2008.05.15"]
[Round "7"]
[White "Radjabov, Teimour"]
[Black "Bu, Xiangzhi"]
[Result "1-0"]
[WhiteElo "2751"]
[BlackElo "2708"]
[Annotator "Radjabov,T"]
[PlyCount "81"]
[EventDate "2008.05.08"]
[EventType "tourn"]
[EventRounds "10"]
[EventCountry "BUL"]
[EventCategory "20"]
[SourceTitle "CBM 124"]
[Source "ChessBase"]
[SourceDate "2008.05.28"]
[SourceVersion "1"]
[SourceVersionDate "2008.05.28"]
[SourceQuality "1"]

{I was doing badly up to this moment. Not in terms of my play, but according
to the points in the crosstable. I wanted to win at least one game in this
tournament. So I tried to come for this battle with full concentration.  Bis
zu diesem Moment lief es bei mir schlecht. Nicht was mein Spiel angeht,
sondern in Bezug auf die Punkte in der Tabelle. Ich wollte wenigstens eine
Partie in diesem Turnier gewinnen. Also versuchte ich, diese Schlacht mit
voller Konzentration anzugehen.} 1. d4 d5 2. c4 c6 3. Nc3 Nf6 4. e3 a6 {
The Slav is popular now and people like it. It is easy to remember structural
ideas and in the a6 Slav even easier. You just have to play ...b5, or if
something is wrong, ...g6 or ...e6 :) Slawisch ist derzeit beliebt, und es
gefällt den Leuten. Es ist leicht, sich strukturelle Ideen zu merken, und im
a6-Slawen um so mehr: Man muss nur ...b5 spielen oder, wenn etwas nicht stimmt,
...g6 bzw. ...e6 :)} 5. Nf3 b5 6. c5 {6.b3 is a very interesting alternative.
although I wanted to play a more closed type of game that day.  6.b3 ist eine
sehr interessante Alternative, doch an jenem Tag war mir nach einer eher
geschlossenen Partie.} g6 7. Ne5 Bg7 8. Be2 O-O 9. O-O Nfd7 {Typical. Black is
aiming for central strategy: ...f6-e5 attacking d4 and c5 chain. Now we
transpose (who could guess?) into Stonewall structures. Typisch. Schwarz setzt
auf Zentralstrategie: ...f6-e5 mit Angriff auf die Bauernkette d4 und c5. Nun
gehen wir (wer hätte das gedacht?) zu Stonewall-Strukturen über.} 10. f4 a5 {
Well, taking space on the queenside and strengthening the b4 idea, sometimes
the knight may come from a6 to c7 or the bishop to a6 etc.. Also there are
possibilities to close the queenside at some point.  Erobert Raum am
Damenflügel und stützt die Idee b4, manchmal kann der Springer auch von a6
nach c7 gehen oder der Läufer nach a6 usw. Zudem gibt es Möglichkeiten,
gelegentlich den Damenflügel zu schließen.} 11. a3 $5 {Prophylaxis! But, ok,
White has other options. But this looks interesting! Prophylaxe! Schön, Weiß
hat auch andere Möglichkeiten. Aber dies sieht interessant aus!} f6 12. Nf3 (
12. Nd3 $5 {is also possible with similiar ideas as in the game! ist ebenfalls
möglich, mit ähnlichen Ideen wie in der Partie!}) (12. Nxc6 Nxc6 13. Nxd5 {
does not seem enough for anything real to me, as Black might go simply ...Rb8
or ...e6. And then when the real play in the centre starts, the piece will
begin to tell. scheint mir nicht genug für irgendetwas Reales, denn Schwarz
könnte einfach ...Rb8 oder ...e6 spielen. Und wenn dann das richtige Spiel im
Zentrum beginnt, wird die Figur beginnen, sich bemerkbar zu machen.}) 12... f5
{Stonewall, isn't it? Stonewall, oder?} 13. Bd2 {Heading for h4 xe7. Good
prospects if White succeeds. But Black is also allowed to play some moves.
Strebt nach h4 xe7. Gute Aussichten, wenn Weiß das schafft. Aber Schwarz darf
ja auch ein paar Züge machen.} Nf6 14. Be1 Kh8 15. Bh4 {Now Black plays a
standard plan in this position. ...Be6+Nbd7 developing all the pieces. Nun
spielt Schwarz einen Standardplan in dieser Stellung; ...Be6+Nbd7, wonach alle
Figuren entwickelt sind.} Be6 16. Ne5 Qc7 {Now after Nbd7 and then Rfb8 or
Nxe5 and mass exchanges Black will equalise. So White should do something very
fast. I found an interesting concept I think! Nun noch Nbd7, und dann Rfb8
oder Nxe5 mit Massenabtausch und Schwarz gleicht aus. Weiß sollte also
schnellstens etwas unternehmen. Ich habe ein interessantes Konzept gefunden,
glaube ich!} 17. Qe1 $1 Nbd7 18. Bg5 $1 {Now the queen is heading for h4,
there are ideas with the Qg3-h4-h5 plan and also Black is in real trouble for
making decisions, as each decision looks really dubious and inferior to the
last. So Bu started to think here and decided for mass exchanges. Nun strebt
die Dame nach h4, es gibt Ideen mit dem Plan Qg3-h4-h5, und außerdem fällt es
Schwarz wirklich schwer, Entscheidungen zu treffen, denn alle Fortsetzungen
wirkt letztlich zweifelhaft und minderwertig. Daher begann Bu an dieser Stelle
zu überlegen und entschied sich schließlich für Massenabtausch.} Nxe5 19. fxe5
Ne4 20. Nxe4 fxe4 (20... dxe4 21. Qh4 $1 {And next g4 with big pressure by
White. Really an unpleasant position to play with Black! nebst g4 mit heftigem
Druck von Weiß. Wirklich eine unangenehm zu spielende Stellung für Schwarz!}
Ra7 22. g4 Qd7 23. gxf5 gxf5 24. Kh1 {[%cal Gf1g1] Followed by Rg1-g3-Bf4-Rag1
should be winning for White. , gefolgt von Rg1-g3-Bf4-Rag1 sollte für Weiß
gewinnen.}) 21. Qh4 {White should hurry up here, as otherwise Black might
create a real fortress! Hier sollte sich Weiß beeilen, denn sonst könnte
Schwarz eine echte Festung errichten!} Rxf1+ (21... Rae8 22. Rxf8+ Bxf8 23. Rf1
Kg8 {was suggested at the press conference. But well, it is really hard to
play this as Black. White might go for the simple wurde auf der
Pressekonferenz vorgeschlagen. Aber naja, dies ist wirklich schwer zuspielen
für Schwarz. Weiß könnte das einfache} 24. Qg3 $5 Bg7 25. h4 Rf8 26. Bf4 $16 {
with h5 and Qh4 to follow. wählen, mit h5 und Qh4 in der Folge.}) 22. Rxf1 Re8
{And now Black wants to go for Kg8-Qd7 etc... Then Rf8 and this might end up
succesfully. But White has a very strong reply! Und jetzt möchte Schwarz
Kg8-Qd7 anstreben usw., dann noch Rf8, und am Ende könnte er damit Erfolg
haben. Doch Weiß hat eine sehr starke Erwiderung!} 23. Bg4 $1 (23. Qg3 $5 {
with the same h4-h5 idea. , ebenfalls mit der Idee h4-h5.}) 23... Qd7 (23...
Bxg4 24. Qxg4 e6 25. Bf6 $1 Kg8 26. Bxg7 Qxg7 27. Rf6 (27. Qh3 $16 {Then
Rf6-Qg4-h4-h5 Black is totally lost. Dann Rf6-Qg4-h4-h5 und Schwarz ist total
verloren.}) 27... Qh6 28. Kf2 $16) (23... Qc8 {wouldn't change anything! hätte
nichts geändert!} 24. Rf7 Bxg4 25. Bh6 $1 Qe6 (25... Be6 26. Bxg7+ $1 Kg8 27.
Bf6 $3 Bxf7 28. Qh6 $18) (25... Qd7 26. Rxg7 Be6 27. Qg5 $18 {with the idea of
h4-h5 winning. mit der Idee h4-h5 und gewinnt.}) (25... Bxe5 26. Bf4 $1 $18 Bg7
27. Be5 $18) 26. Rxg7 {Black is paralysed and White has a very easy plan of
Qg5-h3-g4-Qf4-Rf7. Schwarz ist paralysiert, und Weiß hat den ganz einfachen
Plan Qg5-h3-g4-Qf4-Rf7.}) 24. Rf7 Bxg4 ({Falls Schwarz versucht, mit} 24... Kg8
{In the event of this, trying to play for blockade, White goes for : auf
Blockade zu spielen, wählt Weiß} 25. Bxe6 Qxe6 26. Rxe7 Rxe7 27. Bxe7 a4 (27...
h5 28. b3 {x a4 and most of the endgames are lost. x a4 und die meisten
Endspiele sind verloren.} (28. Bd6 $6 Bh6) (28. Bg5 $5 a4 29. Bf4 Qd7 30. Kf1 {
Then h3-g4, king to c2 and something like Bh6 or Bg5-f6 penetrating and
winning. For example : Dann h3-g4, König nach c2 und etwas wie Bh6 oder Bg5-f6,
mit Eindringen und Gewinn. Zum Beispiel:} Kf7 31. h3 Ke6 32. g4 Qe7 33. Qxe7+
Kxe7 34. gxh5 gxh5 35. Kf2 $18)) 28. Bd6 h5 29. Qd8+ Kh7 30. Qc7 $18) 25. Bf6
exf6 (25... Rg8 26. Rxe7 Qf5 (26... Qc8 27. Bxg7+ Rxg7 28. Qf6 Qg8 29. e6 h5
30. Rxg7 Qxg7 31. Qd8+ {and e7 with a second queen... which is enough to win.
nebst e7 mit einer zweiten Dame... was zum Gewinn reicht.}) 27. h3 (27. Rf7 $4
g5 $11) 27... Be2 (27... Bh5 28. Rf7 Bxf6 29. Rxf6 Qd7 30. g4 Qd8 31. Qf2 $18)
(27... Bxh3 28. Qxh3 $18) 28. Rxg7 $18) 26. Rxd7 Bxd7 27. exf6 a4 {So a4 -
trying to put up a total blockade! Also a4 - der Versuch, eine totale Blockade
zu errichten!} (27... Rf8 28. fxg7+ Kxg7 {The difference is that in the game I
couldn't pick up a pawn. But here it's easy : Der Unterschied zur Partie ist,
dass ich dort keinen Bauern einsammeln konnte. Hier aber ist es einfach:} 29.
Qe7+ Rf7 30. Qe5+ Kh6 31. b3 (31. a4 bxa4 32. Qc7 $18) 31... a4 32. bxa4 bxa4
33. Qc7 $18 {[%cal Gc7a7,Ga7a4]} (33. h4 $18)) (27... Bf8 28. f7 Rc8 29. Qf6+
Bg7 30. Qd6 Bf5 31. h3 g5 (31... h5 {Trying to prevent g4! Versucht, g4 zu
verhindern!} 32. g4 {Still! Trotzdem!} hxg4 33. hxg4 Bxg4 34. Qxg6 $1 $18 {
and the bishop can't move as there's mate coming on the h-file. und der Läufer
kann nicht ziehen, da es sonst auf h-Linie zum Matt kommt.} Bf3 (34... Bd7 35.
Qh5+) 35. Qf5 Rf8 36. Qh3+) 32. g4 Bg6 33. Qd7 Rf8 34. Qxc6 Bxf7 35. Qd7 (35.
Qxb5 $18) 35... Bg8 36. c6 Rf7 37. Qb7 Rf8 38. c7 Be6 39. Qc6 Bc8 40. Qxb5 {
and the rest is an easy scenario: White eats up everything on the board shakes
hands, signs and goes back to hotel in a happy mood :) und der Rest versteht
sich von selbst: Weiß vertilgt alles auf dem Brett, schüttelt seinem Gegner
die Hand, unterschreibt und geht gut gelaunt ins Hotel zurück :)}) 28. fxg7+
Kxg7 {Well, now White has to take the king to a5-b6. So not Qg3 or h3 to allow
Rf8 leaving the king cut off on g1! Nun, jetzt muss Weiß den König nach a5-b6
führen. Also nicht Qg3 oder h3, was ...Rf8 erlauben würde, wonach der König
auf g1 abgeschnitten bliebe!} 29. Kf2 $1 {The king goes for the road to
victory.} h6 30. Ke1 Re6 31. Qg3 {Creating atheat of Qc7 etc...} Be8 32. Kd2 {
Another step... Wieder ein Schritt...} g5 33. Kc3 Kf8 34. Kb4 Bf7 35. Ka5 {
The king is already there. In the enemy's territory. Now it's just a matter of
small finesses to take the point. Der König ist bereits da, auf
Feindterritorium. Nun bedarf es nur noch kleiner Feinheiten, um den Punkt
einzusacken.} Kg7 36. Kb6 Kf8 37. Kc7 Kg7 38. Kd7 {No need to calculate any
endgames with queen sacrifices here. Nicht nötig, hier irgendwelche Endspiele
mit Damenopfern zu berechnen.} Kf8 39. Qf2 $1 Rg6 40. Qf5 $1 h5 41. g3 $1 {
The last finesse. White is going to play h4 and pick up the h-pawn. Also if
Black goes for ...Kg7, after Ke7/ Qe5 the move h4 becomes possible. All pawn
endgames are lost for Black and there is no need to prolong the battle, as
it's not a battle anymore. Bu resigned. Die letzte Finesse. Weiß wird h4
spielen und den h-Bauern einsammeln. Auch wenn Schwarz ...Kg7 spielt, wird
nach Ke7/ Qe5 der Zug h4 möglich. Alle Bauernendspiele sind verloren für
schwarz, und es hat keinen Sinn, die Schlacht zu verlängern, denn es ist keine
mehr. Bu gab auf.} 1-0